The compact guide to Windows, Word & Excel / (Record no. 67103)
[ view plain ]
| 000 -LEADER | |
|---|---|
| fixed length control field | 00916nam a2200289 a 4500 |
| 001 - CONTROL NUMBER | |
| control field | 67103 |
| 003 - CONTROL NUMBER IDENTIFIER | |
| rucl marc code | BD-RjUL |
| 005 - DATE AND TIME OF LATEST TRANSACTION | |
| control field | 20211209081621.0 |
| 008 - FIXED-LENGTH DATA ELEMENTS--GENERAL INFORMATION | |
| fixed length control field | 170322s1993 ii a|||| |||| 001 0 eng d |
| 035 ## - SYSTEM CONTROL NUMBER | |
| System control number | (BD-RjUL)67234 |
| 040 ## - CATALOGING SOURCE | |
| Original cataloging agency | BD-RjUL |
| Language of cataloging | eng |
| Transcribing agency | BD-RjUL |
| 041 ## - LANGUAGE CODE | |
| Language code of text/sound track or separate title | eng |
| 082 ## - DEWEY DECIMAL CLASSIFICATION NUMBER | |
| Edition number | 23 |
| Classification number | 005.365 |
| Author mark and year | MAC 1993 |
| 100 1# - MAIN ENTRY--PERSONAL NAME | |
| Personal name | Mansfield, Ron |
| 9 (RLIN) | 198770 |
| 245 14 - TITLE STATEMENT | |
| Title | The compact guide to Windows, Word & Excel / |
| Statement of responsibility, etc. | Ron Mansfield. |
| 250 ## - EDITION STATEMENT | |
| Edition statement | 1st indian edition |
| 260 ## - PUBLICATION, DISTRIBUTION, ETC. (IMPRINT) | |
| Place of publication, distribution, etc. | New Delhi : |
| Name of publisher, distributor, etc. | BPB Publications, |
| Date of publication, distribution, etc. | 1993. |
| 300 ## - PHYSICAL DESCRIPTION | |
| Pagination | xxiii, 626 p. : |
| Illustrations | ill.; |
| Size | 22 cm. |
| 500 ## - GENERAL NOTE | |
| General note | Includes index. |
| 650 ## - SUBJECT ADDED ENTRY--TOPICAL TERM | |
| Topical term or geographic name as entry element | Microsoft Excel (Computer file) |
| 9 (RLIN) | 198771 |
| Topical term or geographic name as entry element | Microsoft Word |
| 9 (RLIN) | 198772 |
| Topical term or geographic name as entry element | Business--Computer programs |
| 9 (RLIN) | 198773 |
| Topical term or geographic name as entry element | Microsoft Windows (Computer file) |
| 9 (RLIN) | 163736 |
| Topical term or geographic name as entry element | Windows (Computer programs) |
| 9 (RLIN) | 115107 |
| Topical term or geographic name as entry element | Electronic spreadsheets |
| 9 (RLIN) | 198774 |
| 942 ## - ADDED ENTRY ELEMENTS (KOHA) | |
| Source of classification or shelving scheme | Dewey Decimal Classification |
| Koha item type | Books |
| Lost status | Source of classification or shelving scheme | Damaged status | Not for loan | Collection code | Permanent Location | Current Location | Shelving location | Date acquired | Source of acquisition | Cost, normal purchase price | Total Checkouts | Full call number | Date last seen | Copy number | Koha item type |
|---|---|---|---|---|---|---|---|---|---|---|---|---|---|---|---|
| Dewey Decimal Classification | Not For Loan | Non-fiction | Central Library, University of Rajshahi | Central Library, University of Rajshahi | Reading Room | 22/12/1999 | Dhaka, Paragon enterprise ltd. | 182.05 | 005.365 MAC 1993 | 22/03/2017 | C-1 | Books |